00000000nam##2200000za#4500
0019.610343
003CaOODSP
00520200327115854
007ta
008150406|1992||||xxc|||||     f|0| 0 eng|d
022 |a0706-6457
040 |aCaOODSP|beng
043 |an-cn---
0861 |aFs97-6/1852E
1101 |aCanada. |bDepartment of Fisheries and Oceans.
24512|aA durable all-season market float and mooring buoy for limnological field studies / |cby P. Campbell and A. G. Salki.
260 |aOttawa - Ontario : |bFisheries and Oceans Canada |c1992.
300 |a4p. : |bfigs., references, table ; |c28 cm.
4901 |aCanadian technical report of fisheries and aquatic sciences|x0706-6457|v1852
500 |aPrepared in the Central and Arctic Region, Department of Fisheries and Oceans, Winnipeg, Manitoba R3T 2N6.
546 |aRésumés en français
563 |aSoftcover
69007|aFisheries technology|2gcpds
7201 |aCampbell, P.
7201 |aSalki, A. G.
7760#|tA durable all-season marker float and mooring buoy for limnological field studies / |w(CaOODSP)9.573842
830#0|aCanadian technical report of fisheries and aquatic sciences,|x0706-6457|v1852|w(CaOODSP)9.514691